| 000 | 00749nam a22001937a 4500 | ||
|---|---|---|---|
| 999 |
_c176098 _d176098 |
||
| 005 | 20201109110801.0 | ||
| 010 | _aUR-10921 | ||
| 020 |
_c78.00 _a9789389733341 |
||
| 035 | _aU-9476 | ||
| 037 | _bDBAD/PUB | ||
| 082 | _a841.8 | ||
| 100 | _aشا د سجا د | ||
| 245 |
_aا ر د و کی ز ند ا نی شا عر ی (نما ءند ہ شعر ا ء کے حو ا لے سے ) _cشا د سجا د |
||
| 246 |
_bUrdu Ki Zindani Shairi(Numainda Shora Ke Hawale Se) (Urdu) _aby Shad Sajad |
||
| 260 |
_aN.Delhi _bEducational Publishing House _c2019 ء |
||
| 270 |
_aH.O.D1/16,Ansari Road,Darya ganj, _bN.Delhi _e110002 _k45678285,23216162 _l0091-11-23211540 |
||
| 300 |
_a120 ص _c22 Cm(Hb) |
||
| 942 |
_2ddc _cUR _h841.8 _mش ا د |
||